[Event "CHI-chT"]
[Site "Chile"]
[Date "2023.11.10"]
[Round "7.2"]
[White "Sepulveda Chavez, Matias"]
[Black "Vera Quijon, Lorenzo Vicente"]
[Result "0-1"]
[WhiteElo "1513"]
[BlackElo "1584"]
[PlyCount "84"]
[EventDate "2023.11.07"]
[EventType "team-tourn"]
[EventRounds "7"]
[EventCountry "CHI"]
[SourceTitle "CB46_2023"]
[SourceDate "2023.11.15"]
[SourceVersion "1"]
[SourceVersionDate "2023.11.15"]
[SourceQuality "1"]
[WhiteTeam "UBB"]
[BlackTeam "UACH"]
[WhiteTeamCountry "CHI"]
[BlackTeamCountry "CHI"]

1. e4 c5 2. Nf3 e6 3. d3 d5 4. exd5 exd5 5. g3 Nf6 6. Bg2 Be7 7. 0-0 Nc6 8. Re1 h6 9. Nc3 0-0 10. h3 Be6 11. d4 b6 12. dxc5 bxc5 13. Bf4 Qb6 14. Ne5 Rfd8 15. Na4 Qa6 16. c3 Rac8 17. Nxc6 Rxc6 18. Qc2 Rcc8 19. b3 d4 20. c4 Nd7 21. Qd3 Nf8 22. g4 Ng6 23. Bg3 Bd6 24. Rad1 Bxg3 25. Qxg3 Bxc4 26. bxc4 Qxa4 27. Bd5 Re8 28. Qf3 Qd7 29. Rxe8+ Qxe8 30. Kf1 Rc7 31. Re1 Re7 32. Rxe7 Qxe7 33. Qe4 Kf8 34. Ke1 Nf4 35. Qxe7+ Kxe7 36. h4 Nxd5 37. cxd5 Kd6 38. Kd2 Kxd5 39. f3 c4 40. a3 Ke5 41. Ke2 Kf4 42. h5 d3+ 0-1

[Event "CHI-chT"]
[Site "Chile"]
[Date "2023.11.07"]
[Round "1.2"]
[White "Vera Quijon, Lorenzo Vicente"]
[Black "Avalos Herrera, Ian"]
[Result "1/2-1/2"]
[WhiteElo "1584"]
[BlackElo "1651"]
[PlyCount "80"]
[EventDate "2023.11.07"]
[EventType "team-tourn"]
[EventRounds "7"]
[EventCountry "CHI"]
[SourceTitle "CB46_2023"]
[SourceDate "2023.11.15"]
[SourceVersion "1"]
[SourceVersionDate "2023.11.15"]
[SourceQuality "1"]
[WhiteTeam "UACH"]
[BlackTeam "USM (V)"]
[WhiteTeamCountry "CHI"]
[BlackTeamCountry "CHI"]

1. e4 c6 2. d4 d5 3. exd5 cxd5 4. c4 Nf6 5. Nc3 Nc6 6. Nf3 Bg4 7. Be2 e6 8. h3 Bxf3 9. Bxf3 Be7 10. 0-0 0-0 11. Be3 Rc8 12. cxd5 exd5 13. Qd3 a6 14. Rac1 b5 15. Ne2 Qd7 16. Ng3 Rfe8 17. Bg5 Qd8 18. Nf5 Bf8 19. Bg4 h6 20. Nxh6+ gxh6 21. Bxc8 Nb4 22. Bxf6 Qxf6 23. Qg3+ Kh8 24. a3 Bd6 25. Qg4 Nd3 26. Rc3 Nf4 27. Re3 Rg8 28. Qf5 Qg7 29. Qg4 Qxd4 30. Qf5 Nxg2 31. Kh1 Nxe3 32. fxe3 Qg7 33. Qf6 Qxf6 34. Rxf6 Rxc8 35. Rxd6 Rc1+ 36. Kg2 Rc2+ 37. Kf3 Rxb2 38. Rxh6+ Kg7 39. Rxa6 Rh2 40. Kg3 Re2 1/2-1/2

[Event "South America-ch U14 13th"]
[Site "Santiago de Chile"]
[Date "2016.12.04"]
[Round "5"]
[White "Vera Quijon, Lorenzo Vicente"]
[Black "Pariona Larrota, Andre Sebastian"]
[Result "0-1"]
[WhiteElo "1227"]
[BlackElo "1745"]
[PlyCount "38"]
[EventDate "2016.12.01"]
[EventType "swiss"]
[EventRounds "9"]
[EventCountry "CHI"]
[SourceTitle "EXT 2018"]
[Source "ChessBase"]
[SourceDate "2017.10.13"]
[SourceVersion "1"]
[SourceVersionDate "2017.10.13"]
[SourceQuality "1"]

1. e4 c5 2. Nf3 Nc6 3. d4 cxd4 4. Nxd4 e6 5. Nxc6 bxc6 6. Bd3 Nf6 7. Bg5 Be7 8. Qe2 Qa5+ 9. Bd2 Qb6 10. b3 d5 11. c4 0-0 12. Nc3 Bb7 13. 0-0 Rfe8 14. Na4 Qd8 15. Rad1 c5 16. f3 dxe4 17. Bxe4 Bxe4 18. Bg5 Bxf3 19. Rxd8 Bxe2 0-1